| 000 | 00935nac a22002531u 4500 | ||
|---|---|---|---|
| 010 | _a 80024032 | ||
| 020 | _a0710300980 | ||
| 020 | _a0710300980 | ||
| 082 | 0 | 0 |
_a297.820955 _bALG |
| 090 |
_c9445 _d9445 |
||
| 100 | _aKhomeini, Ruhollah. | ||
| 245 | 1 | 0 |
_aIslam and revolution : _bwritings and declarations of Imam Khomeini / _ctranslated and annotated by Hamid Algar. |
| 260 |
_aBerkeley, [Calif.] : _bMizan Press,1981 _cc1981. |
||
| 300 |
_a460 p. ; _c23 cm. |
||
| 500 | _adistributer: AL-Ahram | ||
| 504 | _aIncludes bibliographical references and index. | ||
| 511 | _acatalogued by: wessam | ||
| 650 | 0 |
_aIslam and state _zIran. |
|
| 650 | 0 | _aShiites. | |
| 651 | 0 |
_aIran _xPolitics and government _y1941-1979. |
|
| 700 | 1 | _aAlgar, Hamid. | |
| 942 |
_cBB _k297.820955 ALG |
||
| 999 |
_c9445 _d9445 |
||